000 00594nam a2200205Ia 4500
005 20250923145406.0
008 008 250917s9999 xx 000 0 eng d
037 _aTextual
040 _aDSWL
_beng
_cDSWL
041 _aeng
_2eng
084 _aW.2'E, N63
_qDSWL
100 _aSaletore, B.A.
_9834821
245 0 _aAncient Indian political thought and institution
_c by B.A. Saletore
260 _aBombay
_bAsia Publishing House
_c1963
300 _axiv,68 p.
365 _aINR
_b30 . 0
925 _g30 . 0
942 _cTEXL
_hW.2'E, N63
999 _c1450812
_d1450812